00727nam a2200241 a 45000010010000000030011000100080041000210200015000620350026000770920015001031000026001182450041001442600050001853000017002355000017002526500040002698560030003099420012003399520091003519900006004429980020004489990017004680001-1136ELIB.Books150504 2010 eng  a0961854561 a(ELIB.Books)0001-1291 a281.9bBeh aBehr-Sigel, Elisabeth aThe Ministry of Woman in the Church aCrestwoodbST Vladimir's Seminary Pressc1991 a229c22.5 Cm aC/o Moe Lwei aWoman in the Orthodox Easten Church nKBTS: LibraryuKBTS: Elib 2ddccBK 00102ddc4070aKBTSbKBTSd2015-05-04l0p15442r2022-01-22 00:00:00w2022-01-22yBK a1 cbate2015-05-04 c11136d11136